| Tag |
First Indicator |
Second Indicator |
Subfields |
| LEADER |
00000cam a2200000 a 4500 |
| 001 |
in00001027607 |
| 005 |
20150928093058.0 |
| 008 |
890515s1991 gw a b 0010 eng |
| 010 |
|
|
|a 89011374
|
| 020 |
|
|
|a 3540191895 (Springer-Verlag Berlin Heidelberg New York)
|
| 020 |
|
|
|a 0387191895 (Springer-Verlag New York Berlin Heidelberg)
|
| 035 |
|
|
|a (OCoLC)19778666
|
| 035 |
|
|
|9 AFF2471AM
|
| 040 |
|
|
|a DLC
|c DLC
|d TXA
|d UtOrBLW
|
| 041 |
1 |
|
|a eng
|h rus
|
| 049 |
|
|
|a TXAM
|
| 050 |
0 |
0 |
|a QC482.D5
|b B3313 1990
|
| 082 |
0 |
0 |
|a 539.7/222
|2 20
|
| 090 |
|
|
|a QC482.D5
|b B3313 1991
|
| 100 |
1 |
|
|a Babich, V. M.
|
| 240 |
1 |
0 |
|a Asimptoticheskie metody v zadachach difrat︠s︡ii korotkikh voln.
|l English
|
| 245 |
1 |
0 |
|a Short-wavelength diffraction theory :
|b asymptotic methods /
|c V.M. Babič, V.S. Buldyrev ; translated by E.F. Kuester.
|
| 264 |
|
1 |
|a Berlin ;
|a New York :
|b Springer-Verlag,
|c [1991]
|
| 264 |
|
4 |
|c ©1991
|
| 300 |
|
|
|a xi, 445 pages :
|b illustrations ;
|c 24 cm.
|
| 336 |
|
|
|a text
|b txt
|2 rdacontent
|
| 337 |
|
|
|a unmediated
|b n
|2 rdamedia
|
| 338 |
|
|
|a volume
|b nc
|2 rdacarrier
|
| 490 |
1 |
|
|a Springer series on wave phenomena ;
|v v. 4
|
| 500 |
|
|
|a Translation of: Asimptoticheskie metody v zadachakh difrakt︠s︡ii korotkikh voln.
|
| 504 |
|
|
|a Includes bibliographical references (pages 431-442) and index.
|
| 650 |
|
0 |
|a X-rays
|x Diffraction.
|
| 650 |
|
0 |
|a Eigenfunctions.
|
| 650 |
|
0 |
|a Asymptotic expansions.
|
| 700 |
1 |
|
|a Buldyrev, V. S.
|q (Vladimir Sergeevich)
|
| 740 |
0 |
|
|a Shortwave diffraction theory.
|
| 830 |
|
0 |
|a Springer series on wave phenomena ;
|v 4.
|
| 999 |
|
|
|a MARS
|
| 999 |
f |
f |
|s 88c5c7e9-3893-379f-90da-0c8aa37d5246
|i 7b358ab2-8883-32a4-bbc9-c1ee7b3fa943
|t 0
|
| 952 |
f |
f |
|p ric
|a Texas A&M University
|b Rellis Campus
|c Joint Library Facility
|d Remote Storage
|t 0
|e QC482.D5 B3313 1991
|h Library of Congress classification
|i unmediated -- volume
|m A14815119968
|
| 998 |
f |
f |
|a QC482.D5 B3313 1991
|t 0
|l Remote Storage
|